| 000 | 00636nam a2200181 i 4500 | ||
|---|---|---|---|
| 001 | 151006 | ||
| 003 | ES-MaACL | ||
| 005 | 20230906203810.0 | ||
| 007 | t| | ||
| 008 | 071127s1932 fr ||||1| fre d | ||
| 100 | 1 |
_aMarquette, Jacques de ( _d1888-1969) _9164148 |
|
| 245 | 1 | 0 |
_aLibération _b: essai de naturisme social. Le But de l'émancipation. La Quadruple Racine de l'exploitation humaine. Les Remèdes / _cJacques Demarquette. |
| 250 | _a2e éd. | ||
| 260 |
_aParis : _bEdition du Trait d'Union, _c1932 ( _fImpr. Union) |
||
| 300 |
_a162 p. ; _c20 cm. |
||
| 650 | 4 |
_aNaturismo. _9143629 |
|
| 852 |
_aES-MaACL _jA-1093 _bR.11359 |
||
| 999 |
_c151006 _d151006 |
||